Fisica : activa /
Guardado en:
| Autor Principal: | |
|---|---|
| Otros Autores: | |
| Formato: | Libro |
| Publicado: |
Buenos Aires :
Puerto de Palos
|
| Series: | Polimodal
|
| Materias: | |
| Etiquetas: |
Agregar Etiqueta
Sin Etiquetas, Sea el primero en etiquetar este registro!
|
| LEADER | 00938nam a22002415a 4500 | ||
|---|---|---|---|
| 001 | CEM.cems011763 | ||
| 005 | 20070628162310.0 | ||
| 008 | 130507b######################000#0#####d | ||
| 003 | CEMS | ||
| 020 | |a 9875470430 | ||
| 082 | 0 | 4 | |a 530 |
| 100 | 1 | |a Calderón, Silvia Elena | |
| 245 | 1 | 0 | |a Fisica : |b activa / |c Silvia Elena Calderón, Gabriel Codner |
| 260 | |a Buenos Aires : |b Puerto de Palos | ||
| 300 | |a 367 p. | ||
| 490 | 0 | |a Polimodal | |
| 505 | 0 | |a Cinemática -- Dinámica -- Energía, trabajo y cantidad de movimiento -- Dinámica del cuerpo rígido -- Hisrostática y fundamentos de hidrodinámica -- Termometría y calorimetría -- Termodinámica | |
| 653 | |a Física | ||
| 653 | |a Física-polimodal | ||
| 700 | 1 | |a Codner, Gabriel | |
| 859 | |a CEMS |b BIB. CEMS - 11 de abril |h 530 |i C127 |p 22815.05 |t Ej.1 | ||
| 859 | |a CEMS |b BIB. CEMS - 11 de abril |h 530 |i C127 |p 22816.05 |t Ej.2 | ||
| 859 | |a CEMS |b BIB. CEMS - 11 de abril |h 530 |i C127 |p 22833.05 |t Ej.3 | ||
